[Event "San Francisco TNM Summer op"]
[Site "San Francisco"]
[Date "2015.07.14"]
[Round "8"]
[White "Cole, Tony"]
[Black "Nassif, Wassim J"]
[Result "1-0"]
[WhiteElo "1460"]
[BlackElo "1400"]
[PlyCount "55"]
[EventDate "2015.05.26"]
[EventType "swiss"]
[EventRounds "8"]
[EventCountry "USA"]
[SourceTitle "EXT 2016"]
[Source "ChessBase"]
[SourceDate "2015.10.08"]
[SourceVersion "1"]
[SourceVersionDate "2015.10.08"]
[SourceQuality "1"]

1. e4 e5 2. Nf3 Nc6 3. Nc3 Nf6 4. Bc4 Bc5 5. d3 0-0 6. Bg5 h6 7. Bh4 d6 8. Qd2 Bg4 9. 0-0-0 Bxf3 10. gxf3 Nd4 11. Bg3 Nxf3 12. Qe2 Nd4 13. Qf1 a6 14. a3 Nc6 15. Bh4 Nd4 16. Nd5 c6 17. Nxf6+ gxf6 18. Qh3 b5 19. Ba2 Ne2+ 20. Kb1 Nf4 21. Qf5 Ng6 22. Qxg6+ Kh8 23. Bxf6+ Qxf6 24. Qxf6+ Kh7 25. Rhg1 Rg8 26. Qxf7+ Rg7 27. Rxg7+ Kh8 28. Rg8+ 1-0

[Event "San Francisco TNM Spring op"]
[Site "San Francisco"]
[Date "2015.04.21"]
[Round "6"]
[White "Cole, Tony"]
[Black "Lin, Aung Tun"]
[Result "0-1"]
[WhiteElo "1487"]
[BlackElo "1735"]
[PlyCount "88"]
[EventDate "2015.03.17"]
[EventType "swiss"]
[EventRounds "8"]
[EventCountry "USA"]
[SourceTitle "EXT 2016"]
[Source "ChessBase"]
[SourceDate "2015.10.08"]
[SourceVersion "1"]
[SourceVersionDate "2015.10.08"]
[SourceQuality "1"]

1. e4 c5 2. Nc3 Nc6 3. Nf3 d6 4. Bc4 Nf6 5. d3 Bg4 6. h3 Bh5 7. g4 Bg6 8. Nh4 e6 9. Bg5 Be7 10. Nxg6 hxg6 11. Bb5 Qb6 12. b3 Qa5 13. Bd2 Nd7 14. Nd5 Qd8 15. Ne3 Nd4 16. Bxd7+ Qxd7 17. c3 Nc6 18. Qc2 Bh4 19. Ng2 Qe7 20. Be3 Bf6 21. 0-0-0 0-0-0 22. f4 g5 23. Qb2 gxf4 24. Bxf4 g5 25. Be3 Rh7 26. Rdf1 Rdh8 27. d4 Rxh3 28. Rxh3 Rxh3 29. e5 dxe5 30. dxc5 Rh2 31. Rg1 Bg7 32. b4 e4 33. Qd2 Qf6 34. Kc2 Rh3 35. b5 Ne7 36. c6 bxc6 37. Bd4 Qg6 38. Ne3 Nd5 39. Re1 c5 40. Bxg7 Qxg7 41. Nxd5 exd5 42. Re2 Rd3 43. Qe1 Qe5 44. Qg1 c4 0-1

[Event "San Francisco TNM Spring op"]
[Site "San Francisco"]
[Date "2015.04.14"]
[Round "5"]
[White "Marcus, Joel"]
[Black "Cole, Tony"]
[Result "1-0"]
[WhiteElo "1820"]
[BlackElo "1487"]
[PlyCount "77"]
[EventDate "2015.03.17"]
[EventType "swiss"]
[EventRounds "8"]
[EventCountry "USA"]
[SourceTitle "EXT 2016"]
[Source "ChessBase"]
[SourceDate "2015.10.08"]
[SourceVersion "1"]
[SourceVersionDate "2015.10.08"]
[SourceQuality "1"]

1. d4 d5 2. Nf3 Nf6 3. Bf4 Nc6 4. e3 a6 5. Nbd2 Bf5 6. c4 e6 7. Qa4 Nd7 8. Rc1 Nb6 9. Qb3 dxc4 10. Bxc4 Na5 11. Qc3 Nc6 12. 0-0 Bb4 13. Qb3 0-0 14. Rfd1 Bg4 15. h3 Bxd2 16. Rxd2 Bxf3 17. gxf3 e5 18. Bg3 exd4 19. Bf1 Qg5 20. Kh2 Ne5 21. Bg2 Qf6 22. Rxd4 Nxf3+ 23. Bxf3 Qxf3 24. Rxc7 Qf6 25. Rxb7 Nc8 26. Rdd7 h6 27. e4 h5 28. e5 Qf5 29. e6 fxe6 30. Qxe6+ Kh8 31. Qxf5 Rxf5 32. Rxg7 h4 33. Rh7+ Kg8 34. Rxh4 Na7 35. Rhh7 Nc6 36. Rbg7+ Kf8 37. Bd6+ Ne7 38. Bxe7+ Ke8 39. Bb4 1-0

[Event "San Francisco TNM Winter op"]
[Site "San Francisco"]
[Date "2015.01.20"]
[Round "3"]
[White "Cole, Tony"]
[Black "Nelson, Christopher"]
[Result "0-1"]
[WhiteElo "1400"]
[BlackElo "1665"]
[PlyCount "56"]
[EventDate "2015.01.06"]
[EventType "swiss"]
[EventRounds "8"]
[EventCountry "USA"]
[SourceTitle "EXT 2016"]
[Source "ChessBase"]
[SourceDate "2015.10.08"]
[SourceVersion "1"]
[SourceVersionDate "2015.10.08"]
[SourceQuality "1"]

1. e4 e5 2. Nf3 Nc6 3. Nc3 Nf6 4. Bc4 Bc5 5. h3 0-0 6. d3 d6 7. Bg5 h6 8. Bh4 Be6 9. Nd5 Bxd5 10. Bxd5 Rb8 11. Qd2 Qe7 12. 0-0-0 Nd8 13. g4 Ne6 14. Rdg1 Nd4 15. Nxd4 Bxd4 16. g5 Nxd5 17. exd5 h5 18. Rh2 g6 19. Rg3 e4 20. dxe4 Qxe4 21. f4 Rbe8 22. Kd1 Be3 23. Qd3 Qxd3+ 24. cxd3 Bxf4 25. Rc2 Bxg3 26. Bxg3 Re3 27. Bf4 Rxd3+ 28. Rd2 Rxd2+ 0-1

[Event "San Francisco TNM Winter op"]
[Site "San Francisco"]
[Date "2015.01.06"]
[Round "1"]
[White "Cole, Tony"]
[Black "Flores Gomez, David"]
[Result "0-1"]
[WhiteElo "1400"]
[BlackElo "1818"]
[PlyCount "60"]
[EventDate "2015.01.06"]
[EventType "swiss"]
[EventRounds "8"]
[EventCountry "USA"]
[SourceTitle "EXT 2016"]
[Source "ChessBase"]
[SourceDate "2015.10.08"]
[SourceVersion "1"]
[SourceVersionDate "2015.10.08"]
[SourceQuality "1"]

1. e4 e5 2. Nf3 Nc6 3. Nc3 Nge7 4. Bc4 h6 5. d3 d6 6. a3 Bd7 7. h3 Ng6 8. Be3 Be7 9. Qd2 a6 10. Nd5 b5 11. Ba2 Nh4 12. Nxh4 Bxh4 13. 0-0-0 Nd4 14. Kb1 c6 15. Bxd4 cxd5 16. Bxd5 exd4 17. Bxa8 Qxa8 18. Qf4 Be7 19. e5 Qd5 20. exd6 Be6 21. d7+ Kxd7 22. b3 Bxa3 23. Rde1 Bd6 24. Qh4 Qc5 25. Qe4 Rc8 26. Rc1 Rc7 27. Rhe1 Qc3 28. Ka2 a5 29. Rb1 a4 30. Rec1 axb3+ 0-1

[Event "San Francisco TNM Fall op"]
[Site "San Francisco"]
[Date "2014.12.02"]
[Round "6"]
[White "Cole, Tony"]
[Black "Cohee, James"]
[Result "0-1"]
[WhiteElo "1417"]
[BlackElo "1660"]
[PlyCount "118"]
[EventDate "2014.10.21"]
[EventType "swiss"]
[EventRounds "8"]
[EventCountry "USA"]
[SourceTitle "EXT 2016"]
[Source "ChessBase"]
[SourceDate "2015.10.08"]
[SourceVersion "1"]
[SourceVersionDate "2015.10.08"]
[SourceQuality "1"]

1. e4 c5 2. Nc3 e6 3. Nf3 a6 4. d4 cxd4 5. Nxd4 Qc7 6. a3 b5 7. Bd3 Nf6 8. 0-0 Bb7 9. Re1 d6 10. Bg5 Be7 11. Re3 Nbd7 12. Qe2 0-0 13. Rg3 Ne5 14. Bh6 Ng6 15. Be3 Kh8 16. Rh3 Ne5 17. Nf3 Nxf3+ 18. Qxf3 e5 19. Nd5 Bxd5 20. exd5 g6 21. Be4 Nxe4 22. Qxe4 f5 23. Qd3 Rac8 24. c3 Qc4 25. Qd1 f4 26. Bc1 Rc5 27. Rd3 Qe4 28. f3 Qf5 29. b4 Rc4 30. Qf1 Rfc8 31. Bb2 Bd8 32. Rad1 Kg8 33. h3 Bb6+ 34. Kh1 Be3 35. Qe1 Qg5 36. g4 Qh6 37. Kg2 Bb6 38. h4 Qg7 39. Ba1 Qe7 40. Kh3 e4 41. fxe4 Rxe4 42. Qh1 Re3+ 43. Kg2 Qe4+ 44. Kh2 Qe7 45. Rxe3 Qxe3 46. Qe1 Re8 47. Qxe3 Rxe3 48. Rf1 Re2+ 49. Kh3 Ra2 50. g5 f3 51. Kg3 f2 52. Kf3 Rxa3 53. Ke4 Ra2 54. Kd3 a5 55. bxa5 Bxa5 56. Kd4 Ra4+ 57. Ke3 Bb6+ 58. Kf3 Rxh4 59. Kg3 Ra4 0-1

[Event "San Francisco TNM Fall op"]
[Site "San Francisco"]
[Date "2014.11.26"]
[Round "5"]
[White "Cole, Tony"]
[Black "Rosenstein, Perry B"]
[Result "0-1"]
[WhiteElo "1417"]
[BlackElo "1767"]
[PlyCount "48"]
[EventDate "2014.10.21"]
[EventType "swiss"]
[EventRounds "8"]
[EventCountry "USA"]
[SourceTitle "EXT 2016"]
[Source "ChessBase"]
[SourceDate "2015.10.08"]
[SourceVersion "1"]
[SourceVersionDate "2015.10.08"]
[SourceQuality "1"]

1. e4 c5 2. Nc3 Nc6 3. Nf3 d6 4. Bb5 Bg4 5. h3 Bh5 6. d4 cxd4 7. Qxd4 Bxf3 8. gxf3 Nf6 9. Bg5 e6 10. Qa4 Rc8 11. Qxa7 Qc7 12. 0-0-0 Be7 13. Qe3 0-0 14. Rhg1 Rfd8 15. Bh6 g6 16. f4 d5 17. exd5 Nb4 18. dxe6 Nxa2+ 19. Kb1 Nxc3+ 20. bxc3 Nd5 21. exf7+ Kxf7 22. Qe5 Nxc3+ 23. Kb2 Nxd1+ 24. Rxd1 Qxc2+ 0-1

[Event "San Francisco TNM Fall op"]
[Site "San Francisco"]
[Date "2014.10.28"]
[Round "2"]
[White "Cole, Tony"]
[Black "Handler, Andrew Todd"]
[Result "0-1"]
[WhiteElo "1417"]
[BlackElo "1652"]
[PlyCount "96"]
[EventDate "2014.10.21"]
[EventType "swiss"]
[EventRounds "8"]
[EventCountry "USA"]
[SourceTitle "EXT 2016"]
[Source "ChessBase"]
[SourceDate "2015.10.08"]
[SourceVersion "1"]
[SourceVersionDate "2015.10.08"]
[SourceQuality "1"]

1. e4 c5 2. Nc3 Nc6 3. Nf3 g6 4. Bc4 Bg7 5. Nd5 e6 6. Nf4 d6 7. c3 Nf6 8. d3 0-0 9. h4 d5 10. exd5 exd5 11. Bb5 Re8+ 12. Ne2 Bg4 13. d4 Bxf3 14. gxf3 cxd4 15. Bxc6 bxc6 16. Qxd4 Qa5 17. Bd2 Qb5 18. c4 dxc4 19. Be3 Nd5 20. Qd2 c3 21. Nxc3 Nxc3 22. bxc3 Rad8 23. Qc2 Qa5 24. 0-0 a6 25. Bg5 Rc8 26. Rac1 Qd5 27. Kg2 h6 28. Bf4 Qc4 29. Bg3 Re2 30. Qd1 Qxa2 31. Qd7 Qe6 32. Qd3 Ra8 33. Ra1 a5 34. Ra4 Ra2 35. Re4 Qd5 36. Qe3 a4 37. c4 Qf5 38. Re8+ Rxe8 39. Qxe8+ Kh7 40. Qxc6 a3 41. Re1 Ra1 42. Re2 a2 43. Qa4 Qb1 44. Kh3 h5 45. Bh2 Qf1+ 46. Kg3 Qxe2 47. Kg2 Rf1 48. Bg3 a1Q 0-1

[Event "San Francisco TNM Summer op"]
[Site "San Francisco"]
[Date "2014.07.15"]
[Round "8"]
[White "Cole, Tony"]
[Black "Shakhnazarov, Oleg"]
[Result "0-1"]
[WhiteElo "1400"]
[BlackElo "2193"]
[PlyCount "54"]
[EventDate "2014.05.27"]
[EventType "swiss"]
[EventRounds "8"]
[EventCountry "USA"]
[SourceTitle "EXT 2016"]
[Source "ChessBase"]
[SourceDate "2015.10.08"]
[SourceVersion "1"]
[SourceVersionDate "2015.10.08"]
[SourceQuality "1"]

1. e4 e5 2. Nf3 Nc6 3. Bb5 a6 4. Bxc6 dxc6 5. Nxe5 Qd4 6. Ng4 Qxe4+ 7. Ne3 Nf6 8. d3 Qg6 9. Qf3 Bd6 10. Nc3 0-0 11. Bd2 Ng4 12. h3 Ne5 13. Qe4 f5 14. Qd4 f4 15. Ng4 Nxg4 16. hxg4 Bxg4 17. f3 Rae8+ 18. Ne4 Bf5 19. 0-0-0 Be5 20. Qf2 Qf7 21. Kb1 Rd8 22. g4 fxg3 23. Nxg3 Qf6 24. b3 Bxg3 25. Qxg3 Rxd3 26. cxd3 Bxd3+ 27. Kc1 Qa1# 0-1

[Event "San Francisco TNM Summer op"]
[Site "San Francisco"]
[Date "2014.07.08"]
[Round "7"]
[White "Cole, Tony"]
[Black "Gomboluudev, Enkhjin C"]
[Result "1-0"]
[WhiteElo "1411"]
[BlackElo "1106"]
[PlyCount "79"]
[EventDate "2013.05.28"]
[EventType "swiss"]
[EventRounds "8"]
[EventCountry "USA"]
[SourceTitle "EXT 2016"]
[Source "ChessBase"]
[SourceDate "2015.10.08"]
[SourceVersion "1"]
[SourceVersionDate "2015.10.08"]
[SourceQuality "1"]

1. e4 e5 2. Nf3 Nc6 3. Nc3 Nf6 4. Bb5 Bc5 5. d3 h6 6. h3 0-0 7. Be3 Bb6 8. Qd2 Bxe3 9. Qxe3 Nb4 10. 0-0-0 c6 11. Ba4 d5 12. d4 exd4 13. Qxd4 Qa5 14. Bb3 c5 15. Qd2 b5 16. Nxd5 Nfxd5 17. Bxd5 c4 18. a3 Na2+ 19. Kb1 Qxd2 20. Rxd2 Nc3+ 21. bxc3 Rb8 22. Nh4 Kh7 23. Rhd1 g5 24. Nf3 Kg6 25. g4 h5 26. Ne5+ Kf6 27. Nc6 Rb6 28. e5+ Kg6 29. gxh5+ Kxh5 30. Bf3+ g4 31. hxg4+ Bxg4 32. Rh1+ Kg5 33. Rg1 Kf4 34. Bh1 Bf3 35. Rd4+ Kf5 36. Bxf3 Ke6 37. Bg4+ f5 38. exf6+ Kxf6 39. Rd6+ Kf7 40. Bh5# 1-0

[Event "San Francisco TNM Winter op"]
[Site "San Francisco"]
[Date "2014.02.18"]
[Round "7"]
[White "Cole, Tony"]
[Black "Friedrich, Joseph G"]
[Result "1-0"]
[WhiteElo "1487"]
[BlackElo "1285"]
[PlyCount "75"]
[EventDate "2014.01.07"]
[EventType "swiss"]
[EventRounds "8"]
[EventCountry "USA"]
[SourceTitle "EXT 2016"]
[Source "ChessBase"]
[SourceDate "2015.10.08"]
[SourceVersion "1"]
[SourceVersionDate "2015.10.08"]
[SourceQuality "1"]

1. e4 e6 2. Nf3 c5 3. Nc3 Nc6 4. Bb5 Qc7 5. 0-0 a6 6. Bxc6 dxc6 7. d4 Bd7 8. Be3 c4 9. Ne5 Bd6 10. Nf3 0-0-0 11. Ng5 Be8 12. e5 Bc5 13. Qg4 Ba7 14. Rfd1 Nh6 15. Qf3 Nf5 16. Ne2 h6 17. Ne4 Rf8 18. c3 f6 19. Nf4 Qf7 20. Nc5 Bxc5 21. dxc5 Nxe3 22. Qxe3 fxe5 23. Rxd8+ Kxd8 24. Rd1+ Bd7 25. Ne2 Qh5 26. Rd6 e4 27. h3 Rf6 28. Ng3 Qg6 29. Nxe4 Rf7 30. Nd2 Kc7 31. a3 Qc2 32. Nxc4 Be8 33. Qg3 Qc1+ 34. Rd1+ Qf4 35. Qxf4+ Rxf4 36. Rd4 Rf5 37. b4 Bd7 38. Nb6 1-0

[Event "San Francisco TNM Fall op"]
[Site "San Francisco"]
[Date "2013.12.03"]
[Round "7"]
[White "Niemann, Hans Moke"]
[Black "Cole, Tony"]
[Result "1-0"]
[WhiteElo "1800"]
[BlackElo "1402"]
[PlyCount "35"]
[EventDate "2013.10.22"]
[EventType "swiss"]
[EventRounds "9"]
[EventCountry "USA"]
[SourceTitle "EXT 2016"]
[Source "ChessBase"]
[SourceDate "2015.10.08"]
[SourceVersion "1"]
[SourceVersionDate "2015.10.08"]
[SourceQuality "1"]

1. e4 Nc6 2. d4 d5 3. e5 Bf5 4. Bf4 e6 5. Be2 Nb4 6. Na3 Ne7 7. c3 Nbc6 8. h4 h6 9. h5 Qd7 10. Rc1 g6 11. Nf3 Bg7 12. Nd2 f6 13. exf6 Bxf6 14. Nb3 e5 15. Nc2 Bxc2 16. Rxc2 Qf5 17. 0-0 Rg8 18. g4 1-0

[Event "San Francisco TNM Fall op"]
[Site "San Francisco"]
[Date "2013.11.19"]
[Round "5"]
[White "Shnaiderman, Lazar"]
[Black "Cole, Tony"]
[Result "1/2-1/2"]
[WhiteElo "1802"]
[BlackElo "1402"]
[PlyCount "29"]
[EventDate "2013.10.22"]
[EventType "swiss"]
[EventRounds "9"]
[EventCountry "USA"]
[SourceTitle "EXT 2016"]
[Source "ChessBase"]
[SourceDate "2015.10.08"]
[SourceVersion "1"]
[SourceVersionDate "2015.10.08"]
[SourceQuality "1"]

1. e4 e5 2. Nf3 Nc6 3. d4 exd4 4. c3 Qf6 5. cxd4 Bb4+ 6. Nc3 d6 7. Be3 Bg4 8. Be2 Nge7 9. 0-0 0-0 10. Rc1 Ba5 11. d5 Bxf3 12. Bxf3 Ne5 13. Be2 Qg6 14. Bh5 Qf6 15. Be2 1/2-1/2

[Event "San Francisco TNM Fall op"]
[Site "San Francisco"]
[Date "2013.11.12"]
[Round "4"]
[White "Cole, Tony"]
[Black "Anderson, Michael Gene"]
[Result "0-1"]
[WhiteElo "1402"]
[BlackElo "1936"]
[PlyCount "88"]
[EventDate "2013.10.22"]
[EventType "swiss"]
[EventRounds "9"]
[EventCountry "USA"]
[SourceTitle "EXT 2016"]
[Source "ChessBase"]
[SourceDate "2015.10.08"]
[SourceVersion "1"]
[SourceVersionDate "2015.10.08"]
[SourceQuality "1"]

1. e4 c5 2. Nc3 Nc6 3. Nf3 g6 4. d4 cxd4 5. Nxd4 Bg7 6. Be3 a6 7. Na4 Qa5+ 8. c3 b5 9. Nxc6 Qxa4 10. Qxa4 bxa4 11. Nd4 Rb8 12. Bc1 Bb7 13. Bd3 e5 14. Ne2 Nf6 15. f3 d5 16. exd5 Nxd5 17. 0-0 0-0 18. f4 Rfd8 19. Bc4 Nb6 20. b3 Nxc4 21. bxc4 Be4 22. Ng3 Bd3 23. Rd1 e4 24. Be3 Bxc3 25. Rac1 Bb2 26. c5 Bxc1 27. Rxc1 Rb1 28. f5 Rdb8 29. Kf2 R8b2+ 30. Ke1 Rxc1+ 31. Bxc1 Rc2 32. Kd1 Rxc5 33. f6 Rc2 34. a3 Rxg2 35. Bf4 Rxh2 36. Ke1 Ra2 37. Bd6 e3 38. Be5 Rxa3 39. Nf1 Bxf1 40. Kxf1 Ra2 41. Bd6 h5 42. Ke1 h4 43. Kf1 h3 44. Be5 a3 0-1

[Event "San Francisco Neil Falconer op"]
[Site "San Francisco"]
[Date "2013.08.27"]
[Round "4"]
[White "Cole, Tony"]
[Black "James, Charles"]
[Result "0-1"]
[WhiteElo "1400"]
[BlackElo "1571"]
[PlyCount "54"]
[EventDate "2013.08.06"]
[EventType "swiss"]
[EventRounds "9"]
[EventCountry "USA"]
[SourceTitle "EXT 2016"]
[Source "ChessBase"]
[SourceDate "2015.10.08"]
[SourceVersion "1"]
[SourceVersionDate "2015.10.08"]
[SourceQuality "1"]

1. e4 e6 2. Nf3 d5 3. exd5 exd5 4. d4 Bd6 5. Nc3 c6 6. Be3 Nf6 7. Qd2 0-0 8. 0-0-0 b5 9. Bg5 Nbd7 10. Bd3 Qa5 11. a3 b4 12. Nb1 c5 13. Bxf6 Nxf6 14. Ne5 c4 15. Nxc4 dxc4 16. Bxc4 Ne4 17. Qe1 Bf4+ 18. Nd2 Nxd2 19. Rxd2 bxa3 20. bxa3 Qxa3+ 21. Kd1 Qa1+ 22. Ke2 Re8+ 23. Kf3 Rxe1 24. Rxe1 Qxe1 25. Re2 Bb7+ 26. Kxf4 Qc1+ 27. Kg3 Qg5+ 0-1

[Event "San Francisco Neil Falconer op"]
[Site "San Francisco"]
[Date "2013.08.13"]
[Round "2"]
[White "Cole, Tony"]
[Black "Moore, Randolph"]
[Result "1-0"]
[WhiteElo "1400"]
[BlackElo "1718"]
[PlyCount "75"]
[EventDate "2013.08.06"]
[EventType "swiss"]
[EventRounds "9"]
[EventCountry "USA"]
[SourceTitle "EXT 2016"]
[Source "ChessBase"]
[SourceDate "2015.10.08"]
[SourceVersion "1"]
[SourceVersionDate "2015.10.08"]
[SourceQuality "1"]

1. e4 e5 2. Nf3 Bc5 3. Nc3 d6 4. Bc4 Nc6 5. d3 Nf6 6. Bg5 h6 7. Bxf6 gxf6 8. Qd2 a6 9. 0-0-0 Na5 10. Nh4 b5 11. Bb3 Nxb3+ 12. cxb3 c6 13. Rdf1 a5 14. f4 a4 15. Nf5 Bxf5 16. exf5 axb3 17. axb3 Bb4 18. Kc2 d5 19. d4 e4 20. Ra1 Kd7 21. Qe2 Ke7 22. Rxa8 Qxa8 23. Qe1 Qa7 24. Nxd5+ cxd5 25. Qxb4+ Kd8 26. Qd6+ Kc8 27. Qxf6 Re8 28. Rc1 Re7 29. Kb1+ Rc7 30. Qh8+ Kd7 31. Qg7 Kc8 32. Qf8+ Kd7 33. Qxf7+ Kd8 34. Qxd5+ Rd7 35. Qg8+ Ke7 36. Qg7+ Ke8 37. Rc8+ Rd8 38. Rxd8+ 1-0

[Event "San Francisco TNM Summer op"]
[Site "San Francisco"]
[Date "2013.07.02"]
[Round "6"]
[White "Cole, Tony"]
[Black "Otterbach, Renate"]
[Result "1-0"]
[WhiteElo "1411"]
[BlackElo "948"]
[PlyCount "53"]
[EventDate "2013.05.28"]
[EventType "swiss"]
[EventRounds "8"]
[EventCountry "USA"]
[SourceTitle "EXT 2016"]
[Source "ChessBase"]
[SourceDate "2015.10.08"]
[SourceVersion "1"]
[SourceVersionDate "2015.10.08"]
[SourceQuality "1"]

1. e4 c5 2. Nc3 Nc6 3. Nf3 Nf6 4. d4 cxd4 5. Nxd4 e5 6. Nf5 d6 7. Qf3 Bxf5 8. exf5 Nd4 9. Qd3 Qd7 10. Ne4 Nxe4 11. Qxe4 d5 12. Qxe5+ Qe7 13. Qxe7+ Bxe7 14. Bd3 Rc8 15. c3 Nc6 16. 0-0 Ne5 17. Bb5+ Kd8 18. Bf4 Ng4 19. Rad1 Rc5 20. c4 Rxb5 21. cxb5 Ke8 22. Rfe1 g6 23. Bd6 Kf8 24. Bxe7+ Kg7 25. h3 Nf6 26. Re5 Nd7 27. Rexd5 1-0

[Event "San Francisco TNM Summer op"]
[Site "San Francisco"]
[Date "2013.06.04"]
[Round "2"]
[White "Cole, Tony"]
[Black "Newey, Richard H"]
[Result "0-1"]
[WhiteElo "1411"]
[BlackElo "1749"]
[PlyCount "136"]
[EventDate "2013.05.28"]
[EventType "swiss"]
[EventRounds "8"]
[EventCountry "USA"]
[SourceTitle "EXT 2016"]
[Source "ChessBase"]
[SourceDate "2015.10.08"]
[SourceVersion "1"]
[SourceVersionDate "2015.10.08"]
[SourceQuality "1"]

1. e4 c5 2. Nc3 d6 3. Nf3 Nc6 4. Bc4 e6 5. 0-0 Nf6 6. d3 Be7 7. a3 0-0 8. Bg5 a6 9. Qd2 b5 10. Ba2 Rb8 11. Rad1 Nd4 12. Ne1 b4 13. Bxf6 Bxf6 14. Na4 Bd7 15. Bb3 Qe8 16. axb4 Bxa4 17. Bxa4 Qxa4 18. c3 Nb3 19. Qc2 cxb4 20. c4 Nc5 21. Qe2 Qc6 22. Nf3 e5 23. Nd2 a5 24. b3 Rb7 25. f4 Ne6 26. f5 Nf4 27. Qf3 h6 28. d4 Qb6 29. c5 dxc5 30. Nc4 Qc7 31. d5 Ra8 32. Ra1 a4 33. g3 Nh3+ 34. Kg2 Ng5 35. Qd3 a3 36. h4 Nh7 37. d6 Qd7 38. Qd5 Rc8 39. Ra2 Qc6 40. Qd3 Rd7 41. Rd1 Re8 42. Na5 Qb6 43. Nc4 Qb5 44. Qc2 Bd8 45. Rd5 Nf6 46. Rxe5 Rxe5 47. Nxe5 Rxd6 48. Nc4 Rd4 49. e5 Ne4 50. f6 Qc6 51. Kh2 gxf6 52. Qg2 Bc7 53. Re2 Bxe5 54. Nxe5 fxe5 55. Qf3 Qf6 56. Qg4+ Qg6 57. Qc8+ Kg7 58. Qh3 Rd3 59. Rg2 Rxb3 60. h5 Qg5 61. Rg1 Rb2+ 62. Rg2 Nd2 63. g4 Qf4+ 64. Kh1 a2 65. g5 Rb1+ 66. Rg1 Rxg1+ 67. Kxg1 a1Q+ 68. Kg2 Qaf1# 0-1

[Event "San Francisco TNM Spring op"]
[Site "San Francisco"]
[Date "2013.03.26"]
[Round "2"]
[White "Matchen, George"]
[Black "Cole, Tony"]
[Result "1-0"]
[WhiteElo "1668"]
[BlackElo "1439"]
[PlyCount "137"]
[EventDate "2013.03.19"]
[EventType "swiss"]
[EventRounds "8"]
[EventCountry "USA"]
[SourceTitle "EXT 2016"]
[Source "ChessBase"]
[SourceDate "2015.10.08"]
[SourceVersion "1"]
[SourceVersionDate "2015.10.08"]
[SourceQuality "1"]

1. e4 c5 2. c3 Nc6 3. d4 cxd4 4. cxd4 d5 5. e5 Bf5 6. Nc3 e6 7. Nf3 Bb4 8. Bd3 Nge7 9. 0-0 Bg4 10. Be2 Nf5 11. Be3 f6 12. h3 Bh5 13. Ne1 Bxe2 14. Nxe2 fxe5 15. dxe5 Bxe1 16. Rxe1 Nxe3 17. fxe3 Nxe5 18. Qd4 Qg5 19. Rf1 Nc6 20. Qc5 0-0-0 21. b4 Kb8 22. b5 Ne5 23. Nf4 Rhe8 24. b6 axb6 25. Qxb6 Nc6 26. Rac1 Rc8 27. Rb1 Qe7 28. Nxe6 d4 29. exd4 Qd7 30. d5 Nd8 31. Nc5 Qxd5 32. Na6+ Ka8 33. Nc7+ Rxc7 34. Qxc7 Ne6 35. Qb6 Nd4 36. Rfd1 Ne2+ 37. Kh1 Qc6 38. Qxc6 bxc6 39. Re1 Ng3+ 40. Kh2 Rxe1 41. Rxe1 Nf5 42. g4 Nd4 43. Re8+ Kb7 44. Re7+ Kb6 45. Rxg7 c5 46. Kg2 c4 47. Kf2 Kb5 48. Ke3 Nc2+ 49. Kd2 Na3 50. Rxh7 Kb4 51. Rb7+ Kc5 52. Ra7 Nb5 53. Ra5 Kb4 54. Rxb5+ Kxb5 55. Kc3 Kc5 56. h4 Kd5 57. g5 Ke6 58. Kxc4 Kf7 59. h5 Kg7 60. a4 Kh7 61. Kd5 Kg7 62. Ke6 Kh7 63. Kf7 Kh8 64. a5 Kh7 65. a6 Kh8 66. a7 Kh7 67. h6 Kh8 68. a8Q+ Kh7 69. Qg8# 1-0

[Event "San Francisco TNM Winter op"]
[Site "San Francisco"]
[Date "2013.02.05"]
[Round "5"]
[White "Flores Gomez, David"]
[Black "Cole, Tony"]
[Result "0-1"]
[WhiteElo "1695"]
[BlackElo "1500"]
[PlyCount "62"]
[EventDate "2013.01.08"]
[EventType "swiss"]
[EventRounds "8"]
[EventCountry "USA"]
[SourceTitle "EXT 2016"]
[Source "ChessBase"]
[SourceDate "2015.10.08"]
[SourceVersion "1"]
[SourceVersionDate "2015.10.08"]
[SourceQuality "1"]

1. e4 c5 2. Nf3 Nc6 3. Bc4 e5 4. 0-0 Nf6 5. Nc3 h6 6. Re1 d6 7. d3 Bg4 8. h3 Bh5 9. g4 Nxg4 10. hxg4 Bxg4 11. Bxf7+ Kxf7 12. Ng5+ Qxg5 13. f3 Bxf3+ 14. Bxg5 Bxd1 15. Rf1+ Kg6 16. Raxd1 hxg5 17. Nd5 Rh4 18. Kg2 Nd4 19. Rd2 Rg4+ 20. Kh3 Kh5 21. c3 Rh4+ 22. Kg3 Ne6 23. Rf5 Nf4 24. Nxf4+ exf4+ 25. Kg2 Kg4 26. Kg1 Rh3 27. Kf1 Rf3+ 28. Ke1 Re3+ 29. Kd1 Be7 30. Rf7 Bf6 31. Rxb7 Kg3 0-1

[Event "San Francisco TNM Winter op"]
[Site "San Francisco"]
[Date "2013.01.29"]
[Round "4"]
[White "Cole, Tony"]
[Black "Matchen, George"]
[Result "0-1"]
[WhiteElo "1500"]
[BlackElo "1668"]
[PlyCount "48"]
[EventDate "2013.01.08"]
[EventType "swiss"]
[EventRounds "8"]
[EventCountry "USA"]
[SourceTitle "EXT 2016"]
[Source "ChessBase"]
[SourceDate "2015.10.08"]
[SourceVersion "1"]
[SourceVersionDate "2015.10.08"]
[SourceQuality "1"]

1. e4 e5 2. Nf3 Nc6 3. Nc3 Nf6 4. Bc4 Be7 5. d3 0-0 6. Be3 Bb4 7. Bd2 h6 8. h3 Re8 9. g4 Bxc3 10. Bxc3 d5 11. Bb3 dxe4 12. dxe4 Qxd1+ 13. Rxd1 Nxe4 14. Rd3 Nxc3 15. bxc3 e4 16. Re3 Bxg4 17. hxg4 exf3 18. Ba4 Rxe3+ 19. fxe3 Ne5 20. Kf2 Rd8 21. Rg1 Rd2+ 22. Kg3 g5 23. Rf1 Rg2+ 24. Kh3 Rxg4 0-1

[Event "San Francisco TNM Winter op"]
[Site "San Francisco"]
[Date "2013.01.22"]
[Round "3"]
[White "Ryaboy, Vadim"]
[Black "Cole, Tony"]
[Result "1-0"]
[WhiteElo "1782"]
[BlackElo "1500"]
[PlyCount "35"]
[EventDate "2013.01.08"]
[EventType "swiss"]
[EventRounds "8"]
[EventCountry "USA"]
[SourceTitle "EXT 2016"]
[Source "ChessBase"]
[SourceDate "2015.10.08"]
[SourceVersion "1"]
[SourceVersionDate "2015.10.08"]
[SourceQuality "1"]

1. e4 c5 2. Nf3 d6 3. d4 Nf6 4. Nc3 Bg4 5. d5 Nbd7 6. Be2 e5 7. dxe6 fxe6 8. Ng5 Bxe2 9. Qxe2 Qe7 10. Nb5 Rc8 11. Nxa7 Ra8 12. Nb5 Rc8 13. 0-0 h6 14. Nf3 Rc6 15. e5 dxe5 16. Nxe5 Nxe5 17. Qxe5 Qf7 18. Qb8+ 1-0